On This Day: April 21st II Quiz Stats

 Plays Quiz Updated Apr 21, 2018

Challenge
Share
Tweet
Embed
Score 0/7 Timer 03:00
0 Plays Today
Question Answer Wrong Answers
This musical, known for songs like ‘Tomorrow’ and ‘It's the Hard Knock Life’, opens on Broadway, where it runs for nearly 6 years.
1977
Annie
91.8%
Hairspray
2.4%
Wicked
1.2%
Chicago
2.9%
A few days before the general election in ______, Colonel George Papadopoulos leads a coup d'état, establishing a military regime that lasts for seven years.
1967
Greece
86.9%
Cyprus
7%
Macedonia
2.3%
Bulgaria
2.2%
This city is officially inaugurated as the capital of Brazil, and powers are simultaneously transferred from the old capital, Rio de Janeiro.
1960
Brasília
80.8%
São Paulo
15.9%
Salvador
1.8%
Campinas
0.4%
This Scottish-American environmentalist and author, a co-founder of the Sierra Club and an early advocate for the preservation of wilderness in the United States, is born.
1838
John Muir
64.2%
Upton Sinclair
8.2%
Henry David Thoreau
21.7%
W. E. B. Du Bois
5.8%
Known as the Ypiranga incident, a German arms shipment to ______, which was in the midst of a civil war, is illegally intercepted by the US Navy near Veracruz.
1914
Mexico
61.9%
Panama
13.9%
Cuba
12.3%
Colombia
11%
Polish astronomer Alexander Wolszczan announces the discovery of the first ______, celestial bodies orbiting a star outside our solar system.
1994
exoplanets
53.1%
black holes
7.8%
dwarf planets
31.8%
super-Earths
5.1%
Rollie Fingers of the Milwaukee Brewers becomes the first pitcher to record 300 ______.
1982
Saves
49.6%
Wins
29.5%
Losses
3.6%
Walks
15.4%

Today's Daily Dose

Missing Word
Entertainment 'M'

Word Ladder
North Carolina

On This Day
January 16th II

You're not logged in!

Compare scores with friends on all Sporcle quizzes.
OR
Log In

You Might Also Like...

Show Comments

Extras

Top Quizzes Today


Score Distribution

Your Account Isn't Verified!

In order to create a playlist on Sporcle, you need to verify the email address you used during registration. Go to your Sporcle Settings to finish the process.

Report this User

Report this user for behavior that violates our Community Guidelines.

Details: